Nové trendy - nové nápady 2010 sborník příspěvků z mezinárodní vědecké konference, Znojmo 18.-19. listopadu 2010

Saved in:
Bibliographic Details
Corporate Author: Nové trendy - nové nápady 2010. Mezinárodní vědecká konference
Format: Book
Language:Czech
Slovak
English
Published: Znojmo Soukromá vysoká škola ekonomická 2010
Subjects:
Tags: Add Tag
No Tags, Be the first to tag this record!

MARC

LEADER 00000nlm$a2200000$$$4500
001 0122650
005 20240104122037.1
020 |a 978-80-87314-12-8 
041 0 |a cze 
041 0 |a slo 
041 0 |a eng 
044 |a CZ 
245 1 0 |a Nové trendy - nové nápady 2010  |b sborník příspěvků z mezinárodní vědecké konference, Znojmo 18.-19. listopadu 2010 
264 1 |a Znojmo  |b Soukromá vysoká škola ekonomická  |c 2010 
300 |a CD-ROM 
610 2 0 |a ekonómia 
610 2 0 |a účtovníctvo 
610 2 0 |a marketing 
610 2 0 |a manažment 
610 2 0 |a ruch cestovný 
610 2 0 |a správa verejná 
610 2 0 |a politika hospodárska 
610 2 0 |a podnikanie 
110 2 |a Nové trendy - nové nápady 2010. Mezinárodní vědecká konference